Popular Text Abbreviations - Statistics

General Stats
  • This quiz has been taken 46 times
  • The average score is 17 of 21
Answer Stats
Abbreviation Answer % Correct
Omg Oh my god
100%
Btw By the way
97%
Idc I don’t care
97%
Idk I don’t know
97%
Thx Thanks
94%
Ty Thank you
89%
Brb Be right back
86%
Tbh To be honest
86%
Wdym What do you mean
86%
Aka Also known as
83%
Gf Girlfriend
83%
Pov Point of view
83%
Tysm Thank you so much
83%
Lol Laugh out loud
81%
Lmk Let me know
81%
Wbu What about you
81%
Bf Boyfriend
78%
Wyd What are you doing
78%
Irl In real life
72%
Imo In my opinion
64%
Nm Nothing much
22%
No matching quizzes found
Score Distribution
Percent of People with Each Score
Percentile by Number Answered
Your Score History
You have not taken this quiz